Quizzes
Events
Quiz Creation
Community
Videos
Private Events
Remove Ads
Sign In
Join for FREE
Feedback
Dark Mode
Quiz Categories
Sports
Geography
Music
Movies
Television
Just For Fun
Miscellaneous
History
Literature
Language
Science
Gaming
Entertainment
Religion
Holiday
For Kids
Quiz Lab
Recent
Popular Today
Quiz Kudos Today
Editor Picks
Curator Picks
Quizzes by...
Day
Popularity
Type
Ratings
Length
Year
Community
Subscriptions
Recent Discussions
Orange Saloon
Badges
Playlists
Quests
Create
Leaderboards
Showdown
Live 5
Trivia Bingo
Activity
Puzzle Library
Sporcle Events
Private Events
Virtual Trivia
Globe League
Become a Host
Pub Owners
SporcleCon
Opinionation
Our Games
Videos
Blog
Mobile Apps
Partnerships
Remove Ads and Go Orange
Feedback
Geography
Country
Landmarks
City
State
Population
World
Capital
Continent
Flags
Europe
Africa
Asia
South America
North America
Oceania
Border
Canada
United Kingdom
Topography
United States
Geography
Country
Landmarks
City
State
Population
World
Capital
Continent
Flags
Europe
Africa
Asia
South America
North America
Oceania
Border
Canada
United Kingdom
Topography
United States
Random Quiz
Search Sporcle
×
Quiz Lab
Quiz Lab
Geography
Town
Type in answers that appear in a list
Type in answers that appear in a list
Classic
Best Score? Go Orange.
Michigan Towns Stats
Can you name the Michigan Towns?
By
yooper
5m
20 Questions
77 Plays
77 Plays
77 Plays
Comments
Comments
Give Quiz Kudos
Give Quiz Kudos
-
- Ratings
hide this ad
Forced Order
Answers have to be entered in order
Answers have to be entered in order
Random Order
Randomize order of answers
Randomize order of answers
Replay
Link that replays current quiz
Next Quiz
Link to next quiz in quiz playlist
You Got
0%
They Got
Avg Score
54%
Avg Friend Score
Upgrade to see
Score Distribution
Jump to the score distribution portion of the page
Score
0/20
Timer
05:00
0
Plays Today
Claim to Fame
Town
% Correct
Largest city in Michigan
Detroit
96.1%
Home of Kellogg's Cereal
Battle Creek
85.7%
2nd Largest City in Michigan
Grand Rapids
84.4%
Home of the Tulip Festival
Holland
76.6%
Home of the largest Christmas Store in the U.S.
Frankenmuth
75.3%
Largest producer of tart cherries in the U.S.
Traverse City
75.3%
Home of Central Michigan University
Mount Pleasant
72.7%
Upper Michigan's link to Canada
Sault Ste. Marie
71.4%
Town at the north end of the Mackinac Bridge
Saint Ignace
57.1%
Location of the former Agricultural College of the State of Michigan
East Lansing
55.8%
Claim to Fame
Town
% Correct
Major port on Lake Superior known for shipping iron ore
Marquette
53.2%
Southernmost home of the Ferry to Wisconsin
Muskegon
51.9%
Home of the college previously known as the Michigan College of Mines
Houghton
49.4%
Home of Pictured Rocks
Munising
41.6%
Home of the Detroit Lions
Allen Park
31.2%
Home of the International Pine Mountain Ski Jumps
Iron Mountain
26%
Home of the U.S. Ski and Snowboard Hall of Fame and Museum
Ishpeming
23.4%
Original hometown of Meijer Stores
Greenville
22.1%
Home of Gerber Baby Food
Fremont
22.1%
Home of the smallest high school to be football and baseball state champions in the same year
Beal City
10.4%
Quiz Playlist
Details
Report
Send in Message
Add To Playlist
Classic:
Type in answers that appear in a list
Forced Order:
Answers have to be entered in order
Random Order:
Randomize order of answers
Last Updated: Feb 16, 2017
Quiz Scoreboard
CHALLENGE
Sign Up to Join the Scoreboard
Show All
Scores
Hide
Comments
May contain spoilers
Recently Published
Alphabetical 'K' Countries by Flag Minefield
by ylime102
Geography
3m
Pick 6: Fruits
by JohnFran
Miscellaneous
15s
Click the 1999 NBA Draft
by nibperrychub
Sports
2m
More to Explore
Quiz From the Vault
Featured Blog Post
15 Basketball Trivia Facts You Can Be March Mad About
hide this ad
You Might Also Like...
Tags
michigan
Town
Today's Top Quizzes in Geography
Browse Geography
hide this ad
Today's Top Quizzes in Town
Browse Town
Top Contributed Quizzes in Geography
1
Complete the Map Snippet (Minefield) IX
2
Countries of the World - No Outlines Minefield
3
Alphabetical 'B' Countries by Flag Minefield
4
Find the Landmarks A-Z
5
Alphabetical 'L' Countries By Flag Minefield
6
Countries of Africa - No Outlines, No Skips Minefield
7
Alphabetical 'A' Countries by Flag Minefield
8
Pick 6: Mountains
9
30 Pics in 60: Landmarks
10
Alphabetical 'N' Countries by Flag Minefield
Explore More
Trending Topics
Anime
Harry Potter
Kpop
NBA
Crossword
Disney
Marvel
WWE
Country
Puzzle
Song
NFL
The Office
Soccer
Pokémon
hide this ad
More By:
yooper
Quiz
Plays
Rating
Category
Featured
Created
Harry Potter OWL Exam
616
2.25
Literature
Feb 17, 2011
Michigan Towns
77
Geography
Feb 17, 2011
More Harry Potter Spells
36
1.00
Literature
Feb 17, 2011
Go to Creator's Profile
Score Distribution
Quiz Creator Spotlight
yooper
Follow
Send a Message
Quizzes Created
-
Created Quiz Play Count
-
More By This Creator
Popular Quizzes Today
1
Find the US States - No Outlines Minefield
2
Countries of Asia Without Outlines Minefield
3
Pick 6: Fruits
4
Alphabetical 'K' Countries by Flag Minefield
5
The Countries of the World
6
Click the 1999 NBA Draft
7
Find the US States
8
Match the Book to the Film X
More Geography Quizzes
All About... Bangladesh
Quiz Lab
Trending Quizzes
Pick 6: Harry Potter
Pick 6: Mountains
Pick 6: NFL Teams
Pick 6: Golfers
Pick 6: Movie Franchises
Recently Updated
Women's Final Four Teams by Year
bhenderson79
Presidents Quartet II
eogle
Anything But Clue(do)
eogle
Anything But Oceanian Capitals
eogle
Anything But 7
eogle
Anything But Thing
eogle
Word Ladder: February 29
pecheneg
Song Title Questions
pecheneg
Women's NCAA Tournament #1 Seeds
pecheneg
Celebrity Mug Shots
pecheneg
Trending Topics
Disney
Crossword
Anime
Kpop
Harry Potter
Marvel
NBA
NFL
Pokémon
Song
Puzzle
Country
Soccer
The Office
WWE
Your Account Isn't Verified!
In order to create a playlist on Sporcle, you need to verify the email address you used during registration. Go to your
Sporcle Settings
to finish the process.
Report this User
Report this user for behavior that violates our
Community Guidelines
.
Details:
Send Report
Go to the Sporcle.com Mobile Site →
Comments